00555 2200217 4500001002100000005001700021008004100038035002400079082001000103090001700113100001800130245006000148260002500208300002400233650002000257700001200277850001200289980001500301985000600316999001500322YOGYA-0209000005274320090227033019.0 ind  0010-020900000052743 a808.8 a808.8bMed A aMEDAN, Tamsin aAntalogi kebahasaancTamsin Medan; penyunting : Muhardi aPadangbangkasa Raya a235 hmbilusc21 cm aAntologi bahasa aMUHARDI aYOPDYOG a06-12-2007 a1 a93P0043822